Normal view
MARC view
- Gosavi Gayatri
Entry Personal Name
001 - CONTROL NUMBER
- control field: 181655
003 - CONTROL NUMBER IDENTIFIER
- control field: OSt
005 - DATE AND TIME OF LATEST TRANSACTION
- control field: 20230602102016.0
008 - FIXED-LENGTH DATA ELEMENTS
- fixed length control field: 230602|| aca||aabn | a|a d
040 ## - CATALOGING SOURCE
- Original cataloging agency: OSt
- Transcribing agency: OSt
100 ## - HEADING--PERSONAL NAME
- Personal name: Gosavi Gayatri
670 ## - SOURCE DATA FOUND
- Source citation: Work cat.: (OSt)159711: Gosavi Gayatri, Landscape Proposal For Dr. Salim Ali Bird Sanctuary, Pune, 2023